Teoría y estética de la novel : trabajos de investigación /

Uloženo v:
Podrobná bibliografie
Hlavní autor: Bajtin, Mijail Mijailovich, 1895-1975
Další autoři: Kriukova, Helena S. (traductor), Cazcarra, Vicente (traductor)
Médium: Neznámo
Jazyk:Spanish
Vydáno: Madrid, España : Taurus, 1989.
Edice:(Serie teoría y crítica literaria)
Témata:
Tagy: Přidat tag
Žádné tagy, Buďte první, kdo vytvoří štítek k tomuto záznamu!

MARC

LEADER 000000000a22000000004500
001 004129
020 |a 8430621946 
041 0 |a spa 
082 0 4 |a 809.3   |b B165t Fotocopia 
100 1 |a Bajtin, Mijail Mijailovich,   |d 1895-1975 
245 1 0 |a Teoría y estética de la novel :   |b trabajos de investigación /   |c Mijail Mijailovich Bajtin ; Helena S. Kriukova, traductor ; Vicente Cazcarra, traductor. 
260 1 |a Madrid, España :   |b Taurus,   |c 1989. 
300 |a 505 páginas 
490 1 |a (Serie teoría y crítica literaria) 
500 |a El ejemplar con número de inscripción 4375 está PERDIDO -- Título original: XynowecTBbehhaR nhTepaTypa 
650 4 |a NOVELA 
650 4 |a HISTORIA Y CRITICA 
700 1 |a Kriukova, Helena S.,   |e traductor 
700 1 |a Cazcarra, Vicente,   |e traductor 
999 |c 10413  |d 10413 
942 |c BK  |h 809.3 B165t Fotocopia  |2 z